| 000 | 00550nam a2200169 i 4500 | ||
|---|---|---|---|
| 001 | 94368 | ||
| 003 | ES-MaACL | ||
| 005 | 20230906181447.0 | ||
| 007 | t| | ||
| 008 | 050428s1925 pe ||||1| spa d | ||
| 100 | 1 |
_aLorente, Sebastián. _974109 |
|
| 245 | 1 | 0 |
_aEstudios sobre Geografía Médica y Patología del Perú / _cpor Sebastian Lorente, Raul Flores Córdova. |
| 260 |
_aLima : _bImp. Americana, _c1925. |
||
| 300 |
_aVI, 630 p., 12 lám., 28 map. 1 ple. ; _c24 cm. |
||
| 700 | 1 |
_aFlores Córdova, Raul. _951274 |
|
| 852 |
_aES-MaACL _jB-11517 |
||
| 999 |
_c94368 _d94368 |
||